000 00730nas a2200265 4500
001 BR9203424
003 BR-BrBNA
005 20231205092637.0
007 ta
008 230509b bl.|||p| |||| 00| 00por d
040 _aBR-BrBNA
_bpor
_cBiblioteca Nacional de Agricultura
041 _a(Pt)
072 _aE70
100 1 _aMachado, D.P.
100 1 _aCogo, C.H.
245 1 _aOferta e demanda de arroz no Rio Grande do Sul
650 _aARROZ
650 _aOFERTA
650 _aDEMANDA
650 _aMERCADO
650 _aRIO GRANDE DO SUL
773 0 _tLavoura Arrozeira (Brazil)
_xISSN 0023-9143
_g(Nov-Dec 1989), v. 42(388) p. 3-17
_wBR9203424
909 _a202311
_bLúcia
_c55
_dLúcia Elande
942 _2AGRIS
_n0
_cANA
999 _c133104
_d133104